Alle Spieler von Hamburger SV seit 00/01 - Statistiken

Allgemein
  • Dieses Quiz wurde 117 mal gespielt
  • Das Durchschnittsergebnis liegt bei 75 aus 294
Antwortstatistiken
Hamburger SV % Korrekt
Rafael Van der Vaart
87%
Rene Adler
80%
Frank Rost
78%
Marcell Jansen
78%
Piotr Trochowski
78%
Mladen Petric
72%
Aaron Hunt
67%
David Jarolim
67%
Heiko Westermann
67%
Paolo Guerrero
67%
Alexander Laas
65%
Daniel Van Buyten
65%
Davie Selke
65%
Ivica Olic
65%
Jaroslav Drobny
65%
Jerome Boateng
65%
Pierre-Michel Lasogga
63%
Vincent Kompany
63%
Daniel Heuer Fernandes
61%
Eren Sen
61%
Robert Glatzel
61%
Lewis Holtby
59%
Ransford Königsdörffer
59%
Heung-Min Son
57%
Jean-Luc Dompe
57%
Khalid Boulahrouz
57%
Luka Vuskovic
57%
Mario Vuskovic
57%
Ruud Van Nistelrooy
57%
Tom Mickel
57%
Bakery Jatta
54%
Guy Demel
54%
Nicolai Müller
54%
Sergej Barbarez
54%
Joris Mathijsen
52%
Dennis Aogo
50%
Fiete Arp
50%
Miro Muheim
50%
Nigel De Jong
50%
William Mikelbrencis
50%
Douglas Santos
48%
Tunay Torun
48%
Änis Ben-Hatira
46%
Bastian Reinhardt
46%
Jordan Torunarigha
46%
Albert Sambi Lokonga
43%
Daniel Peretz
43%
Hakan Calhanoglu
43%
Juan Pablo Sorin
43%
Yussuf Poulsen
43%
Artjoms Rudnevs
41%
Fabio Vieira
41%
Gotoku Sakai
41%
Mehdi Mahdavikia
41%
Michael Mancienne
41%
Sebastian Schonlau
41%
Tatsuya Ito
41%
Tomas Rincon
41%
Andre Hahn
39%
Dennis Diekmeier
39%
Gideon Jung
39%
Jonathan Tah
39%
Kyriakos Papadopoulos
39%
Marcus Berg
39%
Mohamed Zidan
39%
Rick Van Drongelen
39%
Alexander Meier
37%
Cleber Reis
37%
Collin Benjamin
37%
Emir Sahiti
37%
Hans Jörg Butt
37%
Jonas Meffert
37%
Julian Pollersbeck
37%
Ludovit Reis
37%
Naohiro Takahara
37%
Nicolai Remberg
37%
Silvan Hefti
37%
Ze Roberto
37%
Ahmet Arslan
35%
Ailton
35%
Benjamin Kruse
35%
Bobby Wood
35%
Daniel Elfadli
35%
Marcelo Diaz
35%
Noah Katterbach
35%
Rayan Philippe
35%
Sven Ulreich
35%
Thimothee Atouba
35%
Tolgay Arslan
35%
Albin Ekdal
33%
Benjamin Lauth
33%
Boubacar Sanogo
33%
Christian Mathenia
33%
Eljero Elia
33%
Gojko Kacar
33%
Gökhan Töre
33%
Josha Vagnoman
33%
Martin Harnik
33%
Michael Gregoritsch
33%
Otto Stange
33%
Raphael Wicky
33%
Sidney Sam
33%
Simon Terodde
33%
David Kinsombi
30%
Emir Spahic
30%
Eric-Maxim Choupo-Moting
30%
Gui Ramos
30%
Immanuel Pherai
30%
Ivo Ilicevic
30%
Johan Djourou
30%
Jonathan Pitroipa
30%
Matheo Raab
30%
Per Ciljan Skjelbred
30%
Sonny Kittel
30%
Walace
30%
Alen Halilovic
28%
Alexander Rossing-Lelesiit
28%
Bernardo Romeo
28%
Damion Downs
28%
Levin Öztunali
28%
Nicolas Capaldo
28%
Slobodan Rajkovic
28%
Tim Leibold
28%
Adam Karabec
26%
Fabio Balde
26%
Filip Kostic
26%
Jeremy Dudziak
26%
Laszlo Benes
26%
Milan Badelj
26%
Valon Behrami
26%
Amadou Onana
24%
Emile Mpenza
24%
Jan Gyamerah
24%
Lukasz Poreba
24%
Marco Richter
24%
Martin Pieckenhagen
24%
Matthias Ostrzolek
24%
Moritz Heyer
24%
Robert Tesche
24%
Toni Leistner
24%
Volker Schmidt
24%
Alex Silva
22%
Berkay Özcan
22%
Bernd Hollerbach
22%
David Bates
22%
Giorgi Gocholeishvili
22%
Jeffrey Bruma
22%
Lukas Hinterseer
22%
Marko Johansson
22%
Maximilian Beister
22%
Niko Kovac
22%
Orel Mangala
22%
Warmed Omari
22%
Adrian Fein
20%
Dennis Hadzikadunic
20%
Finn Porath
20%
Hee-Chan Hwang
20%
Jonas David
20%
Josip Drmic
20%
Manuel Wintzheimer
20%
Mathias Abel
20%
Matti Steinmann
20%
Mergim Mavraj
20%
Otto Addo
20%
Rene Schneider
20%
Stefan Wächter
20%
Sven Schipplock
20%
Tom Sanne
20%
Zoltan Stieber
20%
Anthony Yeboah
17%
Elijah Krahn
17%
Faride Alidou
17%
Jacopo Sala
17%
Jacques Zoua
17%
Joel Pohjanpalo
17%
Klaus Gjasula
17%
Mikkel Kaufmann
17%
Ola John
17%
Petr Jiracek
17%
Stephan Ambrosius
17%
Zhi Gin Lam
17%
Aboubaka Soumahoro
15%
Anssi Suhonen
15%
Ignace Van der Brempt
15%
Kerem Demirbay
15%
Khaled Narey
15%
Lasse Sobiech
15%
Marcel Maltritz
15%
Nico-Jan Hoogma
15%
Omar Megeed
15%
Sejad Salihovic
15%
Stefan Beinlich
15%
Tomas Ujfalusi
15%
Tommy Doyle
15%
Christoph Moritz
13%
Ewerton
13%
Harald Spörl
13%
Jordan Beyer
13%
Jörg Albertz
13%
Julian Green
13%
Mathias Schober
13%
Maximilian Rohr
13%
Rodolfo Cardoso
13%
Romeo Castelen
13%
Roy Präger
13%
Sascha Kirschstein
13%
Tolcay Cigerci
13%
Vahid Hashemian
13%
Wolfgang Hesl
13%
Aaron Opoku
11%
Albert Streit
11%
Andreas Fischer
11%
Andrej Panadic
11%
Ashton Götz
11%
Filip Bilbija
11%
Ingo Hertzsch
11%
Louis Schaub
11%
Luca Waldschmidt
11%
Masaya Okugawa
11%
Robin Meißner
11%
Stig Tofting
11%
Vasilije Janjicic
11%
Xavier Amaechi
11%
Bent Andresen
9%
Giorgi Chakvetadze
9%
Jairo Samperio
9%
Marcel Ketelaer
9%
Michael Gravgaard
9%
Mohamed Gouaida
9%
Rene Klingbeil
9%
Ronny Marcos
9%
Stephan Kling
9%
Thiago Neves
9%
Thomas Doll
9%
Timo Letschert
9%
Tom Starke
9%
Valon Zumberi
9%
Adedire Mebude
7%
Andreas Hirzel
7%
Batuhan Altintas
7%
Besart Berisha
7%
Christian Rahn
7%
Danijel Ljuboja
7%
David Rozehnal
7%
Joel Agyekum
7%
Marek Heinz
7%
Mickael Tavares
7%
Ogechika Heil
7%
Andras Nemeth
4%
Erik Meijer
4%
Javi Montero
4%
Lars Jacobsen
4%
Lucas Perrin
4%
Marinus Bester
4%
Markus Karl
4%
Martin Groth
4%
Mats Köhlert
4%
Miso Brecko
4%
Moritz-Broni Kwarteng
4%
Muhamed Besic
4%
Nicolas Oliveira
4%
Paul Scharner
4%
Sören Bertram
4%
Sven Neuhaus
4%
Törles Knöll
4%
Vyacheslav Hleb
4%
Benny Feilhaber
2%
Björn Schlicke
2%
Charles Takyi
2%
Cristian Ledesma
2%
Leo Lacroix
2%
Marcel Ndjeng
2%
Mario Fillinger
2%
Mattia Maggio
2%
Michael Baur
2%
Milan Fukal
2%
Mustafa Kucukovic
2%
Nabil Bahoui
2%
Ouasim Bouy
2%
Richard Kitzbichler
2%
Roda Antar
2%
Ronald Maul
2%
Tobias Knost
2%
Vadis Odjidja-Ofoe
2%
Valmir Nafiu
2%
Almami Moreira
0%
Anton Putilo
0%
Jan Sandmann
0%
Jean Carlos
0%
Jochen Kientz
0%
Kim Christensen
0%
Mahmut Yilmaz
0%
Oliver Hampel
0%
Reto Ziegler
0%
Keine übereinstimmenden Quizze gefunden
Verteilung der Resultate
Anzahl Personen mit jedem Resultat
Perzentil nach korrekt beantworteten Fragen
Ihre Resultats-Entwicklung
Sie haben dieses Quiz noch nicht gespielt